| 000 | 02222nam a2200421Ia 4500 | ||
|---|---|---|---|
| 999 |
_c138 _d138 |
||
| 001 | 811769801 | ||
| 003 | OCoLC | ||
| 005 | 20190729083536.0 | ||
| 008 | 121003r20122011maua c 000 1 eng d | ||
| 020 | _a9780763660680 (pbk.) | ||
| 020 | _a076366068X (pbk.) | ||
| 035 | _a(OCoLC)811769801 | ||
| 040 |
_aNYP _cNYP |
||
| 043 | _an-us-ny | ||
| 049 | _aNYPP | ||
| 082 | 0 | 4 |
_aFIC PIC _223 |
| 091 | _aFIC | ||
| 245 | 0 | 0 |
_aPick-up game : _ba full day of full court / _cedited by Marc Aronson and Charles R. Smith Jr. |
| 250 | _a1st pbk. ed. | ||
| 260 |
_aSomerville, Mass. : _bCandlewick Press, _c2012. |
||
| 300 |
_a170 p. : _bill. ; _c21 cm. |
||
| 500 | _aOriginally published in hardcover: Somerville, Mass. : Candlewick Press, 2011. | ||
| 505 | 0 | 0 |
_tStep into the arena / _rCharles R. Smith, Jr. -- _tCage run / _rWalter Dean Myers -- _tNext / _rCharles R. Smith, Jr. -- _tLaws of motion / _rBruce Brooks -- _tMy boys / _rCharles R. Smith, Jr. -- _tMira mira / _rWillie Perdomo -- _tWild cats / _rCharles R. Smith, Jr. -- _tVirgins are lucky / _rSharon G. Flake -- _tEl profesor / _rCharles R. Smith, Jr. -- _tPractice don't make perfect / _rRobert Burleigh -- _tThe fire inside / _rCharles R. Smith, Jr. -- _tHe's gotta have it / _rRita Williams-Garcia -- _tBack in the day / _rCharles R. Smith, Jr. -- _tHead game / _rJoseph Bruchac -- _t24/7 / _rCharles R. Smith, Jr. -- _tJust Shane / _rAdam Rapp -- _tRepresent / _rCharles R. Smith, Jr. -- _tThe shoot / _rRobert Lipsyte -- _tAfterword / _rMarc Aronson. |
| 520 | _aA series of short stories by such authors as Walter Dean Myers, Rita Williams-Garcia, and Joseph Bruchac, interspersed with poems and photographs, provides different perspectives on a game of streetball played one steamy July day at the West 4th Street court in New York City known as The Cage. | ||
| 650 | 0 |
_aInterpersonal relations _vFiction. |
|
| 650 | 0 |
_aAfrican Americans _vFiction. |
|
| 651 | 0 |
_aNew York (N.Y.) _vFiction. |
|
| 655 | 7 |
_aBasketball stories. _2lcgft. |
|
| 700 | 1 |
_aAronson, Marc. _eEditor |
|
| 700 | 1 |
_aSmith, Charles R., _d1969- _eEditor |
|
| 901 |
_aaew _bCATBL |
||
| 901 | _aMARS | ||
| 901 |
_akts _bCAT _n808.831 |
||
| 908 | 4 | _aPZ5 | |
| 942 |
_2ddc _cFIC |
||
| 945 | _a.b196799892 | ||
| 946 | _am | ||